000 00786nam a22002293a 4500
005 20240601063712.0
008 011016s1998 es r 000 0 spa d
020 _a8487682324
035 _aUPN01000113105
049 _aCG
050 4 _aLB1025
_bB4.68
100 1 _aBenner, Dietrich,
_d1941-
_942993
245 1 3 _aLa pedagogía como ciencia :
_bteoría reflexiva de la acción y reforma de la praxis /
_cDietrich Benner ; tr. Manuel Canet.
260 _aBarcelona, Esp. :
_bPomares :
_bCorredor,
_c1998.
300 _a256 p.
440 0 _aEducación y conocimiento
590 _a(También localizas un ejemplar en el "Area de Reserva")
590 _aBibliografía Básica (BGTQ)
650 4 _aEducación
_xMetodología
_912791
650 4 _aPsicopedagogía
_95085
905 _aLibro
999 _c87013
_d87013